Football : Les joueurs qui ont marqué un but au PSG depuis 2015 - Statistiques

Statistiques générales
  • Ce quiz a été pris 296 fois
    7 depuis la dernière actualisation
  • Le résultat moyen est 58 sur 81
Statistiques - réponses
Nombre Joueur Nationalité Premier but au PSG Dernier but au PSG % Correct
28 Achraf Hakimi Maroc Troyes Août 2021 Monaco Février 2026
100%
93 Angel Di Maria Argentine Malmo Septembre 2015 Metz Mai 2022
100%
27 Désiré Doué France Salzburg Décembre 2024 Liverpool Avril 2026
100%
16 Fabian Ruiz Espagne Montpellier Février 2023 Tottenham Novembre 2025
100%
45 Goncalo Ramos Portugal OM Septembre 2023 Toulouse Avril 2026
100%
13 Joao Neves Portugal OM Octobre 2024 Le Havre Novembre 2025
100%
256 Kylian Mbappé France Metz Septembre 2017 Toulouse Mai 2024
100%
32 Lionel Messi Argentine City Septembre 2021 Strasbourg Mai 2023
100%
43 Marquinhos Brésil Olympiakos Septembre 2013 Monaco Février 2026
100%
118 Neymar Brésil Guingamp Août 2017 Lille Février 2023
100%
15 Nuno Mendes Portugal Nantes Septembre 2022 Strasbourg Février 2026
100%
54 Ousmane Dembélé France Monaco Novembre 2023 Toulouse Avril 2026
100%
6 Sergio Ramos Espagne Reims Janvier 2022 Clermont Juin 2023
100%
26 Vitinha Portugal Lens Avril 2023 Chelsea Mars 2026
100%
10 Warren Zaïre-Emery France Montpellier Février 2023 OL Novembre 2025
100%
156 Zlatan Ibrahimovic Suède Lorient Août 2012 OM Mai 2016
100%
38 Bradley Barcola France Nantes Décembre 2023 Chelsea Mars 2026
86%
200 Edinson Cavani Uruguay Ajaccio Août 2013 Bordeaux Février 2020
86%
3 Georginio Wijnaldum Pays-Bas Leipzig Novembre 2021 Lens Décembre 2021
86%
4 Hugo Ekitike France Auxerre Novembre 2022 Angers Janvier 2023
86%
26 Julian Draxler Allemagne Bastia Janvier 2017 Montpellier Septembre 2021
86%
15 Kang-In Lee Corée du Sud Milan Octobre 2023 OM Février 2026
86%
21 Khvicha Kvaratskhelia Géorgie Monaco Février 2025 Liverpool Avril 2026
86%
3 Leandro Paredes Argentine Pau Janvier 2020 Bordeaux Mars 2022
86%
2 Lucas Hernandez France Newcastle Octobre 2023 Nantes Février 2024
86%
45 Lucas Moura Brésil Bordeaux Septembre 2013 Metz Septembre 2017
86%
11 Marco Verratti Italie Barcelone Septembre 2014 Reims Janvier 2022
86%
17 Thiago Silva Brésil Kiev Septembre 2012 Dijon Février 2020
86%
2 Willian Pacho Équateur Leverkusen Octobre 2025 Tottenham Novembre 2025
86%
24 Adrien Rabiot France Guingamp Août 2013 Amiens Octobre 2018
71%
6 Ander Herrera Espagne Amiens Février 2020 Bruges Septembre 2021
71%
33 Blaise Matuidi France Valenciennes Mai 2012 Monaco Avril 2017
71%
11 Cristopher Nkunku France Bastia Janvier 2017 Nîmes Février 2019
71%
10 Danilo Pereira Portugal Dijon Février 2021 Brest Février 2024
71%
1 Dro Fernandez Espagne Nice Mars 2026 Nice Mars 2026
71%
9 Eric-Maxim Choupo-Moting Cameroun Rennes Septembre 2018 Atalanta Août 2020
71%
35 Ezequiel Lavezzi Argentine Kiev Novembre 2012 Toulouse Janvier 2016
71%
6 Giovani Lo Celso Argentine Rennes Janvier 2018 Les Herbiers Mai 2018
71%
1 Ilya Zabarnyi Ukraine Auxerre Septembre 2025 Auxerre Septembre 2025
71%
8 Juan Bernat Espagne Naples Novembre 2018 Chateauroux Janvier 2023
71%
4 Lucas Beraldo Brésil Nice Mars 2024 Auxerre Septembre 2025
71%
38 Mauro Icardi Argentine Galatasaray Octobre 2019 Lorient Décembre 2021
71%
13 Maxwell Brésil Valenciennes Mai 2012 Rennes Avril 2016
71%
1 Milan Skriniar Slovaquie Milan Novembre 2023 Milan Novembre 2023
71%
4 Moussa Diaby France ASSE Septembre 2018 Villefranche Février 2019
71%
22 Pablo Sarabia Espagne Angers Octobre 2019 Strasbourg Août 2021
71%
3 Presnel Kimpembe France Manchester United Février 2019 LOSC Février 2022
71%
11 Randal Kolo Muani France OM Septembre 2023 Lille Septembre 2024
71%
12 Thiago Motta Italie Sochaux Avril 2012 ASSE Août 2017
71%
4 Thilo Kehrer Allemagne Strasbourg Avril 2018 Brest Janvier 2022
71%
13 Thomas Meunier Belgique Bale Novembre 2016 Real Madrid Septembre 2019
71%
2 Tim Weah USA Monaco Août 2018 Caen Août 2018
71%
2 Alessandro Florenzi Italie Angers Octobre 2020 Nîmes Octobre 2020
57%
8 Carlos Soler Espagne Haifa Octobre 2022 Metz Mai 2024
57%
1 Cher Ndour Italie Revel Janvier 2024 Revel Janvier 2024
57%
1 Colin Dagba France Montpellier Décembre 2020 Montpellier Décembre 2020
57%
8 Dani Alves Brésil Monaco Juillet 2017 Rennes Avril 2018
57%
8 David Luiz Brésil Barcelone Septembre 2014 Nice Avril 2016
57%
4 Gregory Van Der Wiel Pays-Bas Toulouse Février 2013 Reims Février 2016
57%
2 Ibrahim Mbaye Sénégal ASSE Mars 2025 Rennes Décembre 2025
57%
7 Idrissa Gueye Sénégal Angers Octobre 2019 City Septembre 2021
57%
45 Javier Pastore Argentine Brest Septembre 2011 Guingamp Janvier 2018
57%
2 Jean-Kévin Augustin France Troyes Novembre 2015 Caen Septembre 2016
57%
2 Jesé Rodriguez Espagne Nantes Novembre 2016 Lille décembre 2017
57%
17 Moise Kean Italie Dijon Octobre 2020 Reims Mai 2021
57%
2 Renato Sanches Portugal Montpellier Août 2022 Auxerre Novembre 2022
57%
12 Senny Mayulu France Orléans janvier 2024 Chelsea Mars 2026
57%
5 Serge Aurier Côte d'Ivoire Ajaccio Décembre 2014 Lyon Décembre 2015
57%
3 Yohan Cabaye France Leverkusen Février 2014 Nantes Février 2015
57%
2 Yuri Berchiche Espagne Caen Décembre 2017 Lille Février 2018
57%
4 Hatem Ben Arfa France Lyon Août 2016 Avranches Avril 2017
43%
14 Layvin Kurzawa France ASSE Octobre 2015 Angers Janvier 2021
43%
1 Quentin Ndjantou France Metz Décembre 2025 Metz Décembre 2025
43%
3 Tanguy Kouassi France Reims Janvier 2020 Amiens Février 2020
43%
1 Adil Aouchiche France Linas-Montlhery Janvier 2020 Linas-Montlhery Janvier 2020
29%
10 Clément Chantome France Epinal Janvier 2008 Montpellier Janvier 2015
29%
2 Hervin Ongenda France Bordeaux Août 2013 Lorient Novembre 2015
29%
7 Marco Asensio Espagne Lens Août 2023 Strasbourg Octobre 2024
29%
1 Metehan Guclu Turquie Nantes Avril 2019 Nantes Avril 2019
29%
1 Timothée Pembélé France Strasbourg Décembre 2020 Strasbourg Décembre 2020
29%
1 Yoram Zague France Nice Mai 2024 Nice Mai 2024
29%
Aucun quiz correspondant
Distribution des résultats
% des personnes avec chaque résultat
Percentile par nombre de réponses
Votre historique - résultats
Vous n’avez pas pris ce quiz depuis la dernière actualisation